<?xml version="1.0" encoding="UTF-8"?><?xml-stylesheet type="text/xsl" href="static/style.xsl"?><OAI-PMH xmlns="http://www.openarchives.org/OAI/2.0/" xmlns:xsi="http://www.w3.org/2001/XMLSchema-instance" xsi:schemaLocation="http://www.openarchives.org/OAI/2.0/ http://www.openarchives.org/OAI/2.0/OAI-PMH.xsd"><responseDate>2026-04-27T19:53:16Z</responseDate><request verb="GetRecord" identifier="oai:uvadoc.uva.es:10324/28568" metadataPrefix="marc">https://uvadoc.uva.es/oai/request</request><GetRecord><record><header><identifier>oai:uvadoc.uva.es:10324/28568</identifier><datestamp>2025-02-18T12:50:28Z</datestamp><setSpec>com_10324_38</setSpec><setSpec>col_10324_852</setSpec></header><metadata><record xmlns="http://www.loc.gov/MARC21/slim" xmlns:doc="http://www.lyncode.com/xoai" xmlns:xsi="http://www.w3.org/2001/XMLSchema-instance" xmlns:dcterms="http://purl.org/dc/terms/" xsi:schemaLocation="http://www.loc.gov/MARC21/slim http://www.loc.gov/standards/marcxml/schema/MARC21slim.xsd">
<leader>00925njm 22002777a 4500</leader>
<datafield tag="042" ind1=" " ind2=" ">
<subfield code="a">dc</subfield>
</datafield>
<datafield tag="720" ind1=" " ind2=" ">
<subfield code="a">García García, Juan</subfield>
<subfield code="e">author</subfield>
</datafield>
<datafield tag="260" ind1=" " ind2=" ">
<subfield code="c">2017</subfield>
</datafield>
<datafield tag="520" ind1=" " ind2=" ">
<subfield code="a">El SAHS es un trastorno respiratorio en el que la respiración se interrumpe o se&#xd;
hace muy superficial, durante el sueño, como consecuencia de una alteración&#xd;
anatómico-funcional de la VAS que conduce a su colapso. Esto produce un&#xd;
descenso en la saturación de la hemoglobina y da lugar a microdespertares, lo cual&#xd;
conlleva un sueño no reparador, trastornos respiratorios o cardiacos y otras&#xd;
alteraciones. Esta revisión bibliográfica se centra en el estudio de los factores de&#xd;
riesgo más relevantes y las medidas de prevención primaria para abordarlos, con el&#xd;
fin de reducir la incidencia del SAHS.&#xd;
Se ha elegido este tema porque el SAHS es considerado un problema de Salud&#xd;
Pública de primer orden y el conocimiento sobre este síndrome es muy escaso, por&#xd;
lo que aumentarlo permite mejorar la calidad de vida de los pacientes. Por ello, el&#xd;
objetivo principal de este trabajo es recopilar conocimientos sobre el SAHS, sus&#xd;
factores riesgo y las medidas de prevención primaria que permitan reducir la&#xd;
incidencia de este síndrome.&#xd;
Las bases de datos consultadas son Scielo España, CUIDEN, Medline y&#xd;
Google Académico, además se ha utilizado la página web de la SEPAR. Aplicando&#xd;
los filtros de búsqueda y tras realizar una lectura crítica, se obtienen un total de 17&#xd;
artículos.&#xd;
En los resultados, se analizan los factores de riesgo más relevantes,&#xd;
modificables y no modificables, y las medidas de prevención primaria que, aplicadas&#xd;
sobre los factores de riesgo modificables, logran reducir la incidencia del SAHS. El&#xd;
principal factor de riesgo modificable es la obesidad, ya que un alto porcentaje de&#xd;
pacientes con SAHS la padece. Otros factores modificables son la presión arterial&#xd;
elevada, el alto perímetro del cuello, el uso de sustancias tóxicas y sedantes, una&#xd;
postura inadecuada y la hipercolesterolemia.</subfield>
</datafield>
<datafield tag="024" ind2=" " ind1="8">
<subfield code="a">http://uvadoc.uva.es/handle/10324/28568</subfield>
</datafield>
<datafield ind1=" " ind2=" " tag="653">
<subfield code="a">Sueño, Trastornos del</subfield>
</datafield>
<datafield ind1=" " ind2=" " tag="653">
<subfield code="a">Respiratorio, Sistema - Enfermedades</subfield>
</datafield>
<datafield tag="245" ind1="0" ind2="0">
<subfield code="a">Factores de riesgo y medidas de prevención primaria del síndrome de apnea-hipopnea del sueño</subfield>
</datafield>
</record></metadata></record></GetRecord></OAI-PMH>